000 00632nam a2200229Ia 4500
003 OSt
005 20220926011833.0
006 a|||||r|||| 00| 0
007 ta
008 220923b |||||||| |||| 00| 0 eng d
037 _cGeneral Book
040 _aRTL
_cRTL
_beng
041 _2eng
_aeng
082 _aX:87, L7
100 _aGolightly Henry C.
_9315059
245 0 _aManaging with style and making it work for you
260 _aNew York
_bAMACOM USA
_c1977
300 _aix, 159p.
_ccm.
650 _aExecutive
_9233834
942 _hX:87, L7
_cGB
_2CC
999 _c621117
_d621117